| 000 | 00685nam a2200241Ia 4500 | ||
|---|---|---|---|
| 003 | OSt | ||
| 005 | 20220924113134.0 | ||
| 006 | a|||||r|||| 00| 0 | ||
| 007 | ta | ||
| 008 | 220923b |||||||| |||| 00| 0 eng d | ||
| 024 | _a92237 | ||
| 037 | _cDictionary | ||
| 040 |
_aARTS _cARTS _beng |
||
| 041 |
_2eng _aeng |
||
| 082 | _aU72, L51 | ||
| 100 |
_aMoore W G _961408 |
||
| 245 | 0 |
_aDictonary of geography _b Definitions and explations of terms used in physical geography rev ed |
|
| 260 |
_aLondon _bAdam & Charles Black _c1975 |
||
| 300 |
_aviii, 260p. _ccm. |
||
| 650 | _aGEOGRAPHY | ||
| 942 |
_hU72, L51 _cdic _2cc |
||
| 999 |
_c389347 _d389347 |
||